| 000 | 00969nmc a2200325 a 4500 | ||
|---|---|---|---|
| 003 | AR-BaBNM | ||
| 005 | 20251128205000.0 | ||
| 008 | 011101s1995 ||||||||||||||000 | spa|| | ||
| 020 | _a950-581-696-0 | ||
| 040 | _cAR-BaBNM | ||
| 100 | 1 | _aEncabo, Ana M. | |
| 245 | 1 | 0 |
_aPlanificar planificando _bun modelo para armar |
| 260 |
_aBuenos Aires _bColihue _c1995 |
||
| 300 | 0 |
_a212 p. _btablas |
|
| 490 | 0 | _aNuevos caminos en educación inicial | |
| 504 | _aBibliografía: p. 208-212 | ||
| 650 | 4 | _aPLANIFICACION DEL CURRICULO | |
| 650 | 4 | _aPLANIFICACION ESCOLAR | |
| 650 | 4 | _aOBJETIVOS EDUCACIONALES | |
| 650 | 4 | _aOBJETIVOS AFECTIVOS | |
| 650 | 4 | _aOBJETIVOS COGNOSCITIVOS | |
| 653 | 0 | _aEDUCACION INICIAL | |
| 653 | 0 | _aPROYECTO INSTITUCIONAL | |
| 700 | 1 | _aSimón, Noemí A. | |
| 700 | 1 | _aSorbara, Alejandra M. | |
| 700 | 1 |
_aSan Martín de Duprat, Hebe _eprologuista |
|
| 800 | 1 |
_aSan Martín de Duprat, Hebe _edirector |
|
| 942 | _cBK | ||
| 998 | _cSILVI | ||
| 999 |
_c9576 _d9576 |
||